000 005370000a22001810004500
999 _c48980
_d48980
001 1825
003 CO-MdFUSB
005 20171120185629.0
008 171120b xxu||||| |||| 00| 0 eng d
020 _a9974-7724-7-8
040 _cCO-MdBIC
082 0 4 _a170 Su21av
245 1 0 _aAmor a la verdad / redacción Alberto H. Scheffijni
260 _aMontevideo, Rep, Oriental del Uruguay: Editorial Sudamer S.A.
300 _a16 P.
650 1 4 _aCiencias sociales \ Valores \ Educación para la paz \ Literatura infantil
942 _cLGB